000 00632nam a2200253Ia 4500
001 703
005 20240113233425.0
007 ta
008 050124s1950 g b000 u eng u
020 _cHB
040 _aCotton College,Assam
041 _aeng
082 _a572.954
_bBo 678 Na
100 _aBower, Ursula Graham .
245 0 _aNaga Path /
_cUrsula Graham Bower.
_hTextual Documents
250 _a1st ed. /
260 _aLondon :
_bJohn Murray ,
_c1950.
300 _a260p. ;
_c22cm.
653 _aHistory-Naga
653 _aRef-History
942 _2ddc
_cBK
999 _c701
_d701